Only Countries that defeated England in FIFA - Statistics

General Stats
  • This quiz has been taken 28 times
  • The average score is 10 of 14
Answer Stats
Times Defeated Country % Correct
1 France
96%
3 Brazil
92%
2 Germany
92%
1 Spain
92%
1 Argentina
85%
1 United States
85%
2 Italy
81%
1 Portugal
77%
2 Uruguay
73%
1 Croatia
69%
1 Soviet Union
69%
2 Belgium
62%
1 Hungary
46%
1 Romania
27%
No matching quizzes found
Score Distribution
Percent of People with Each Score
Percentile by Number Answered
Your Score History
You have not taken this quiz